00199nam a2200073Ia 4500008004100000082001700041245005200058300001500110230907s9999||||xx |||||||||||||| ||und|| a388.312bTRA 0aTransportation and power grid in smart cities : a651 pages.